Visualizzazione normale
Vista MARC
- Pallavicini Vito
di Personal Name
Records bibliografici associati: 1
001 - CONTROL NUMBER
- control field: 16499
003 - CONTROL NUMBER IDENTIFIER
- control field: IT-RoPau
005 - DATE AND TIME OF LATEST TRANSACTION
- control field: 20140313211059.0
008 - FIXED-LENGTH DATA ELEMENTS
- fixed length control field: 140313|| aca||aabn | a|a d
040 ## - CATALOGING SOURCE
- Original cataloging agency: IT-RoPau
- Transcribing agency: IT-RoPau
100 ## - HEADING--PERSONAL NAME
- Personal name: Pallavicini Vito
- Miscellaneous information: Codice autore testo/musica SPICS: 13656
- Relator term: Autore testo/musica
- Name of part/section of a work: You Don't Have To Say You Love Me
670 ## - SOURCE DATA FOUND
- Source citation: Work cat.: (IT-RoPau)98888: Presley Elvis 16488, Elvis Presley-The Collection vol.4